01232nam a2200169 a 450000100080000000500110000800800410001910000130006024500960007326001070016952007070027665300150098365300250099865300080102365300100103170000210104110876912012-11-26 2012 bl uuuu u01u1 u #d1 aVANZ, A. aAfogamentos fatais nas praias dos Estados de Santa Catarina e do Rio Grande do Sul, Brasil. aIn: CONGRESSO BRASILEIRO DE OCEANOGRAFIA, 5., 2012, Rio de Janeiro. Anais... Rio de janeiro: CBOc2012 aO presente estudo tem por objetivo analisar as carater??sticas dos afogamentos fatais que ocorreram nas praias do Estado de Santa Catarina e do Rio Grande do Sul nas temporadas de 2008/2009, 2009/2010, 2010/2011 e 2011/2012. Os dados para an??lise foram obtidos da imprensa falada e escrita, corpo de bombeiros e da Epagri/Ciram. Os resultados mostram que ocorreram 86 mortes, sendo a temporada 2009/2010 a mais tr??gica com 35 mortes. As mortes ocorrem preferencialmente no per??odo da tarde, s??o do sexo masculino e faixa et??ria menor de 30 anos. As principais causas dos afogamentos est??o relacionadas ??s correntes de retorno e falta de conhecimento das caracter??sticas praiais pelos banhistas. aAfogamento aCorrentes de retorno aMar aPraia1 aFERNANDES, L. G.